000 00699nam a2200289Ia 4500
005 20260324134159.0
008 008 260324s9999 xx 000 0 eng d
020 _a9780429229886
037 _aEBOOK
040 _aCRL
040 _beng
040 _cCRL
041 _2eng
041 _aeng
084 _qCRL
100 _aDonald P. Albert; Mark R. Leipnik
_91195877
245 0 _aGIS in Law Enforcement
245 0 _bImplementation Issues and Case Studies
260 _bTaylor and Francis
260 _c2002
365 _a
365 _b240
856 _uhttp://www.taylorfrancis.com/books/9780429229886
942 _cEBOOK
999 _c1795661
_d1795661